000 03302njm a2200505Ia 4500
001 25588
003 IT-RoPAU
005 20220918181203.0
008 131025s9999 xx 000 0 und d
040 _aIT-RoPAU
040 _cIT-RoPAU
999 _c103173
_d103173
999 _bn.d.
100 _aAA.VV.
_9794
100 _eAutore musica
_912232
100 _gCodice autore musica SPICS: 12000
_9796
245 _aTry A Little Tenderness
250 _a1a ed.
260 _aGERMANY
260 _bTELEFUNKEN
_c1977 [1a Ed.:1977]
300 _aDISCO
300 _c44 minuti (Testo: pag.)
500 _aMusica strumentale per momenti teneri. Sentimental music
505 _aSoft Sounds For Tender Moments - The Magic Strings - Don't Cry For Me Argentina (4:00) - Chanson d'amour (3:00) - All You Get From Love Is A Love Song (3:00) - Another Suitcase In Another Hall (2:00) - Love Me Tender (3:00) - Nancy With the Laughing Face (3:00) - Try A Little Tenderness (3:00) - L'air de nuit (3:00) - Feelings (4:00) - Bilitis [(tema dal film omonimo) (3:00) - Serenade pour deux amour (3:00) - A Sentimental Moment (4:00) - The Other Way (3:00) - Soft and Tender (4:00)
511 _aDirettore d'orchestra: Candler Norman
650 _aSTRUMENTALE [DISCHI]
_eCodice MATERIA SPICS: 9950
_9828
700 _aCandler Norman
_eInterprete
_gCodice interprete SPICS: 11595
_912233
700 _aCandler Norman
_gCodice autore SPICS: 11595
_eAutore
_912234
_pChanson d'amour - All You Get From Love Is A Love Song - L'air de nuit - Bilitis - A Sentimental Moment - The Other Way - Soft and Tender
700 _aRice Tim
_gCodice autore musica SPICS: 11116
_eAutore musica
_pDon't Cry For Me Argentina - Another Suitcase In Another Hall
_912235
700 _aWebber Andrew Lloyd
_gCodice autore SPICS: 11199
_eAutore
_pDon't Cry For Me Argentina - Another Suitcase In Another Hall
_912236
700 _aShanklin Wayne
_gCodice autore musica SPICS: 15868
_eAutore musica
_pChanson d'amour
_912237
700 _aEaton Mick
_gCodice autore musica SPICS: 6965
_eAutore musica
_pAll You Get From Love Is A Love Song
_912238
700 _aPresley Elvis
_gCodice autore musica SPICS: 11085
_eAutore musica
_pLove Me Tender
_912239
700 _aMatson V.
_gCodice autore SPICS: 15870
_eAutore
_pLove Me Tender
_912240
700 _aVan Heusen Jimmy
_gCodice autore musica SPICS: 15744
_eAutore musica
_pNancy With the Laughing Face
_912241
700 _aSilvers L.
_gCodice autore SPICS: 15871
_eAutore
_pNancy With the Laughing Face
_912242
700 _aCampbell Harry C.
_gCodice autore musica SPICS: 11040
_eAutore musica
_pTry A Little Tenderness
_912243
700 _aWoods H.W.
_gCodice autore SPICS: 16463
_eAutore
_pTry A Little Tenderness
_912244
700 _aKirsch
_gCodice autore musica SPICS: 15869
_eAutore musica
_pL'air de nuit
_912245
700 _aKunze
_gCodice autore musica SPICS: 15872
_eAutore musica
_pFeelings
_912246
700 _aAlbert Morris
_gCodice autore SPICS: 15662
_eAutore
_pFeelings
_912247
700 _aLai Francis
_gCodice autore musica SPICS: 10971
_eAutore musica
_pBilitis
_912248
700 _aToussaint Olivier
_gCodice autore musica SPICS: 14363
_eAutore musica
_pSerenade pour deux amour
_912249
700 _aSenneville Paul De
_gCodice autore SPICS: 14362
_eAutore
_pSerenade pour deux amour
_912250
942 _cMD
_2ddc